000 00436nam a2200193Ia 4500
999 _c933
_d933
003 0100
008 130227s9999 xx 000 0 und d
040 _cARRUPELIB
050 _aDT433.582.K62A3
100 _aKinyua, Evans
_930948
245 _aFlight from fate
260 _bAdonis and Abbey
_aLondon
_c2004
300 _avi
300 _b 219p. 21cm.
600 _aKinyua, Evans
_930948
942 _2lcc
_cMONOGRAPH